00446nam a2200169Ia 450000500170000000800410001702000160005804000190007404100120009308200130010510000160011824500440013426000480017830000210022665000190024785000100026620240725105651.0131103s9999 xx 000 0 und d a521 07332 4 aLoreto College aEnglish a821bFRE aFreer,Allen aPersons, places and thingscAllen Freer aCambridgebCambridge University Pressc1969 axiv,147p.b ill. aEnglish poetry aLCBED